000 00433nam a2200169Ia 4500
008 230711s9999||||xx |||||||||||||| ||und||
020 _a81-239-1149-1
041 _aENG
082 _a641.1
_bME-F
100 _aMeyer,Lilian Hoagland
245 0 _aFood Chemistry
250 _a1st Ed.
260 _c1960
_aNew Delhi
_bCBS Publishers & Distributors Pvt.Ltd
300 _a385p.
650 _aFood Science and Technology
942 _cBK
999 _c7379
_d7379